LEADER 00876nam0-22002891i-450- 001 990006885900403321 005 20001010 035 $a000688590 035 $aFED01000688590 035 $a(Aleph)000688590FED01 035 $a000688590 100 $a20001010d--------km-y0itay50------ba 101 0 $aita 105 $ay-------001yy 200 1 $aPietà religiosa e testamenti nel Mezzogiorno$eformule pie e committenza nei testamenti salentini$esecoli XVII-XIX$fFrancesco Gaudioso. 210 $aNapoli$cGuida$d1983. 215 $a112 p.$d22 cm 225 1 $aEsperienze$v114 700 1$aGaudioso,$bFrancesco$0140383 801 0$aIT$bUNINA$gRICA$2UNIMARC 901 $aBK 912 $a990006885900403321 952 $aCOLLEZ. 466 (114)$b1451$fFSPBC 959 $aFSPBC 996 $aPietà religiosa e testamenti nel Mezzogiorno$9136216 997 $aUNINA DB $aGEN01 LEADER 00838cam0-22002891i-450- 001 990006503930403321 005 20070620112121.0 035 $a000650393 035 $aFED01000650393 035 $a(Aleph)000650393FED01 035 $a000650393 100 $a20010426d1985----km-y0itay50------ba 101 0 $aeng 105 $ay-------001yy 200 1 $aLabour law and industrial relations in Japan$fT.A. Hanami 205 $a2. revised edition 210 $aDeventer$cKluwer Lawand Taxation Publishers$d1985 215 $a171 p.$d24 cm 676 $a331.0952$v21$zita 700 1$aHanami,$bTadashi$0245046 801 0$aIT$bUNINA$gRICA$2UNIMARC 901 $aBK 912 $a990006503930403321 952 $aXIV G 108$b28747$fFSPBC 959 $aFSPBC 996 $aLabour law and industrial relations in Japan$9654674 997 $aUNINA